| 000 | 00463nam a22001691a 4500 | ||
|---|---|---|---|
| 001 | 10458 | ||
| 003 | OSt | ||
| 005 | 20260204212200.0 | ||
| 008 | 090216s1984||||dr ||||||b||||||||||spa|| | ||
| 050 | _aRD 658.5 N145c | ||
| 100 | _aNajri, José Antonio | ||
| 245 | _aCrisis, producción y desarrollo (discursos y ponencias) / José Antonio Najri | ||
| 264 | _aSanto Domingo : Corripio | ||
| 300 | _a248 p | ||
| 650 | _aGerencia de ProducciónÌ | ||
| 942 |
_2ddc _cBK |
||
| 999 |
_c10458 _d10458 |
||